| 000 | 00339nam a2200121Ia 4500 | ||
|---|---|---|---|
| 008 | 230907s9999||||xx |||||||||||||| ||und|| | ||
| 082 |
_a530.42 _bLAP |
||
| 100 |
_aLappa, Marcello. _9114962 |
||
| 245 | 0 | _aFluids, materials and microgravity : | |
| 260 |
_aElsevier, _bAmsterdam ; | Boston : _c2004 |
||
| 300 | _axviii, 520 p. : | ||
| 942 | _cBK | ||
| 999 |
_c599894 _d599894 |
||